Desarrollo e implementación en MATLAB de una metodología para el análisis de estabilidad dinámica en pequeña señal
Guardado en:
| Hovedforfatter: | |
|---|---|
| Andre forfattere: | |
| Format: | Bog |
| Sprog: | Spanish |
| Udgivet: |
[San José, Costa Rica]
2013
|
| Fag: | |
| Tags: |
Tilføj Tag
Ingen Tags, Vær først til at tagge denne postø!
|
MARC
| LEADER | 00000nam a22000007a 4500 | ||
|---|---|---|---|
| 003 | 011782 | ||
| 005 | 20230821154613.0 | ||
| 008 | 150901b2013 cr a|||| |||| 00| ||spa d | ||
| 040 | |c cru CEDI | ||
| 100 | |9 1158 |a Rojas Rodríguez, Christian, 1986- | ||
| 245 | |a Desarrollo e implementación en MATLAB de una metodología para el análisis de estabilidad dinámica en pequeña señal | ||
| 260 | |a [San José, Costa Rica] |c 2013 | ||
| 500 | |a Tesis (licenciatura en ingeniería eléctrica)--Universidad de Costa Rica. Facultad de Ingeniería. Escuela de Ingeniería Eléctrica | ||
| 501 | |a Director de Tesis de Graduación: Lic. Rolando Sancho Chaves | ||
| 650 | |x PROCESAMIENTO DE SEÑALES |x SISTEMAS ELECTRONICOS |x TRANSISTORES - PROGRAMAS |x ESTABILIDAD DE SISTEMAS DE ENERGIA ELECTRICA |x MATLAB (PROGRAMAS PARA COMPUTADORA) |x PROCESAMIENTO DE SEÑALES - MODELOS MATEMATICOS |9 1078 | ||
| 700 | |9 1159 |a Sancho Chaves, Rolando |d Director del TFG | ||
| 942 | |c CEDI |h TFG 6951 |6 TFG_6951_000000000000000 | ||
| 999 | |c 13963 |d 13963 | ||
